[Event "DEM U18 2025"]
[Site "Willingen GER"]
[Date "2025.06.11"]
[Round "6"]
[White "Guo, Philipp Ziming"]
[Black "Stichter, Constantin Paul"]
[Result "1/2-1/2"]
[Termination "normal"]
[Board "5"]
[BlackTitle "CM"]
[WhiteElo "2219"]
[BlackElo "2216"]
[WhiteClock "00:03:28"]
[BlackClock "00:13:03"]
[PlyCount "119"]
[WhiteFideId "16245199"]
[BlackFideId "34603140"]
[EventCountry "GER"]
[EventRounds "9"]
[EventType "swiss"]
[EventDate "2025.06.07"]

1. e4 {[%clk 01:30:55]} {[%emt 00:00:04]} e6 {[%clk 01:30:54]} {[%emt
00:00:06]} 2. d4 {[%clk 01:31:15]} {[%emt 00:00:11]} d5 {[%clk 01:31:21]}
{[%emt 00:00:04]} 3. Nd2 {[%clk 01:31:17]} {[%emt 00:00:26]} Nf6 {[%clk
01:31:42]} {[%emt 00:00:10]} 4. e5 {[%clk 01:31:42]} {[%emt 00:00:05]} Nfd7
{[%clk 01:32:10]} {[%emt 00:00:01]} 5. Bd3 {[%clk 01:32:01]} {[%emt 00:00:11]}
c5 {[%clk 01:32:32]} {[%emt 00:00:10]} 6. c3 {[%clk 01:32:22]} {[%emt
00:00:08]} Nc6 {[%clk 01:32:58]} {[%emt 00:00:04]} 7. Ne2 {[%clk 01:32:35]}
{[%emt 00:00:14]} cxd4 {[%clk 01:33:23]} {[%emt 00:00:08]} 8. cxd4 {[%clk
01:32:54]} {[%emt 00:00:10]} f6 {[%clk 01:33:51]} {[%emt 00:00:03]} 9. exf6
{[%clk 01:33:01]} {[%emt 00:00:22]} Nxf6 {[%clk 01:34:16]} {[%emt 00:00:05]}
10. O-O {[%clk 01:33:20]} {[%emt 00:00:11]} Bd6 {[%clk 01:34:42]} {[%emt
00:00:06]} 11. Nf3 {[%clk 01:33:36]} {[%emt 00:00:11]} Qc7 {[%clk 01:35:09]}
{[%emt 00:00:05]} 12. g3 {[%clk 01:33:10]} {[%emt 00:00:55]} O-O {[%clk
01:32:12]} {[%emt 00:03:27]} 13. Bf4 {[%clk 01:32:54]} {[%emt 00:00:46]} e5
{[%clk 01:24:01]} {[%emt 00:08:43]} 14. dxe5 {[%clk 01:29:13]} {[%emt
00:04:09]} Nxe5 {[%clk 01:24:03]} {[%emt 00:00:30]} 15. Nxe5 {[%clk 01:28:05]}
{[%emt 00:01:36]} Bxe5 {[%clk 01:24:26]} {[%emt 00:00:07]} 16. Rc1 {[%clk
01:24:53]} {[%emt 00:03:42]} Qd6 {[%clk 01:22:35]} {[%emt 00:02:22]} 17. Bxe5
{[%clk 01:05:41]} {[%emt 00:19:42]} Qxe5 {[%clk 01:22:59]} {[%emt 00:00:05]}
18. Qd2 {[%clk 01:01:58]} {[%emt 00:04:14]} Bg4 {[%clk 01:21:02]} {[%emt
00:02:27]} 19. Nf4 {[%clk 00:51:35]} {[%emt 00:10:53]} Bf3 {[%clk 01:13:29]}
{[%emt 00:08:04]} 20. Qc3 {[%clk 00:41:37]} {[%emt 00:10:27]} Qxc3 {[%clk
01:08:12]} {[%emt 00:05:47]} 21. Rxc3 {[%clk 00:41:56]} {[%emt 00:00:10]} Ne4
{[%clk 01:03:01]} {[%emt 00:05:42]} 22. Rc7 {[%clk 00:33:36]} {[%emt 00:08:50]}
Rae8 {[%clk 00:25:39]} {[%emt 00:37:52]} 23. h4 {[%clk 00:16:20]} {[%emt
00:17:45]} Nd6 {[%clk 00:17:59]} {[%emt 00:08:11]} 24. Rfc1 {[%clk 00:12:22]}
{[%emt 00:04:27]} Rf7 {[%clk 00:01:46]} {[%emt 00:16:43]} 25. Kf1 {[%clk
00:10:07]} {[%emt 00:02:46]} Rxc7 {[%clk 00:00:49]} {[%emt 00:01:26]} 26. Rxc7
{[%clk 00:10:35]} {[%emt 00:00:02]} Rc8 {[%clk 00:01:05]} {[%emt 00:00:15]} 27.
Rxc8+ {[%clk 00:10:38]} {[%emt 00:00:27]} Nxc8 {[%clk 00:01:34]} {[%emt
00:00:01]} 28. Ke1 {[%clk 00:02:42]} {[%emt 00:08:26]} Nd6 {[%clk 00:01:17]}
{[%emt 00:00:46]} 29. Kd2 {[%clk 00:02:52]} {[%emt 00:00:20]} Be4 {[%clk
00:00:56]} {[%emt 00:00:53]} 30. Bxe4 {[%clk 00:01:05]} {[%emt 00:02:16]} dxe4
{[%clk 00:01:25]} {[%emt 00:00:02]} 31. b3 {[%clk 00:01:05]} {[%emt 00:00:30]}
Kf7 {[%clk 00:01:44]} {[%emt 00:00:10]} 32. Ke3 {[%clk 00:01:11]} {[%emt
00:00:23]} Kf6 {[%clk 00:01:44]} {[%emt 00:00:30]} 33. Nh5+ {[%clk 00:00:34]}
{[%emt 00:01:07]} Kg6 {[%clk 00:00:42]} {[%emt 00:01:32]} 34. g4 {[%clk
00:01:03]} {[%emt 00:00:01]} Nf5+ {[%clk 00:00:53]} {[%emt 00:00:19]} 35. Kxe4
{[%clk 00:01:24]} {[%emt 00:00:09]} Nxh4 {[%clk 00:01:18]} {[%emt 00:00:06]}
36. Nf4+ {[%clk 00:01:04]} {[%emt 00:00:50]} Kf7 {[%clk 00:00:37]} {[%emt
00:01:11]} 37. b4 {[%clk 00:01:02]} {[%emt 00:00:32]} Ng6 {[%clk 00:00:48]}
{[%emt 00:00:18]} 38. Nd3 {[%clk 00:00:37]} {[%emt 00:00:55]} Ne7 {[%clk
00:00:52]} {[%emt 00:00:27]} 39. Ke5 {[%clk 00:00:40]} {[%emt 00:00:27]} g6
{[%clk 00:00:38]} {[%emt 00:00:44]} 40. b5 {[%clk 00:00:41]} {[%emt 00:00:28]}
Nc8 {[%clk 00:00:46]} {[%emt 00:00:23]} 41. g5 {[%clk 00:29:59]} {[%emt
00:01:12]} a6 {[%clk 00:25:32]} {[%emt 00:05:44]} 42. bxa6 {[%clk 00:27:14]}
{[%emt 00:03:13]} bxa6 {[%clk 00:26:01]} {[%emt 00:00:03]} 43. Nc5 {[%clk
00:18:55]} {[%emt 00:08:48]} a5 {[%clk 00:25:18]} {[%emt 00:01:14]} 44. a4
{[%clk 00:18:58]} {[%emt 00:00:27]} Nb6 {[%clk 00:24:36]} {[%emt 00:01:12]} 45.
Kd6 {[%clk 00:17:50]} {[%emt 00:01:37]} Nc4+ {[%clk 00:24:22]} {[%emt
00:00:43]} 46. Kd5 {[%clk 00:15:58]} {[%emt 00:02:22]} Nb2 {[%clk 00:23:55]}
{[%emt 00:00:58]} 47. Kc6 {[%clk 00:14:02]} {[%emt 00:02:26]} Nxa4 {[%clk
00:22:26]} {[%emt 00:02:01]} 48. Nxa4 {[%clk 00:14:24]} {[%emt 00:00:07]} Ke6
{[%clk 00:22:55]} 49. Nc3 {[%clk 00:04:43]} {[%emt 00:10:12]} Kf5 {[%clk
00:23:13]} {[%emt 00:00:11]} 50. Kd5 {[%clk 00:04:05]} {[%emt 00:01:08]} Kxg5
{[%clk 00:23:33]} {[%emt 00:00:10]} 51. Ke4 {[%clk 00:02:24]} {[%emt 00:02:12]}
h5 {[%clk 00:23:49]} {[%emt 00:00:14]} 52. Kf3 {[%clk 00:02:42]} {[%emt
00:00:11]} Kf5 {[%clk 00:23:36]} {[%emt 00:00:43]} 53. Kg3 {[%clk 00:02:34]}
{[%emt 00:00:39]} g5 {[%clk 00:23:40]} {[%emt 00:00:26]} 54. f3 {[%clk
00:02:18]} {[%emt 00:00:46]} Ke5 {[%clk 00:19:58]} {[%emt 00:04:11]} 55. Na4
{[%clk 00:02:16]} {[%emt 00:00:32]} Kd4 {[%clk 00:19:37]} {[%emt 00:00:50]} 56.
Kh3 {[%clk 00:02:07]} {[%emt 00:00:37]} Kc4 {[%clk 00:17:06]} {[%emt 00:03:03]}
57. Kg3 {[%clk 00:02:34]} {[%emt 00:00:03]} Kb4 {[%clk 00:15:50]} {[%emt
00:01:46]} 58. Nb6 {[%clk 00:02:40]} {[%emt 00:00:24]} Kb5 {[%clk 00:15:56]}
{[%emt 00:00:24]} 59. Nd5 {[%clk 00:03:06]} {[%emt 00:00:04]} a4 {[%clk
00:13:03]} {[%emt 00:03:23]} 60. Nc3+ {[%clk 00:03:28]} {[%emt 00:00:08]}
1/2-1/2

[Event "DEM U18 2025"]
[Site "Willingen GER"]
[Date "2025.06.11"]
[Round "6"]
[White "Reichmann, Felix"]
[Black "Möller, Maurin"]
[Result "1/2-1/2"]
[Termination "normal"]
[Board "7"]
[WhiteTitle "CM"]
[BlackTitle "FM"]
[WhiteElo "2138"]
[BlackElo "2336"]
[WhiteClock "00:26:37"]
[BlackClock "00:12:08"]
[PlyCount "106"]
[WhiteFideId "16238290"]
[BlackFideId "16265696"]
[EventCountry "GER"]
[EventRounds "9"]
[EventType "swiss"]
[EventDate "2025.06.07"]

1. c4 {[%clk 01:30:57]} {[%emt 00:00:03]} e5 {[%clk 01:30:50]} {[%emt
00:00:10]} 2. Nc3 {[%clk 01:30:41]} {[%emt 00:00:48]} Nf6 {[%clk 01:31:02]}
{[%emt 00:00:16]} 3. g3 {[%clk 01:27:46]} {[%emt 00:03:26]} c6 {[%clk
01:29:50]} {[%emt 00:01:43]} 4. d4 {[%clk 01:24:21]} {[%emt 00:03:54]} e4
{[%clk 01:17:39]} {[%emt 00:12:40]} 5. Bg5 {[%clk 01:10:47]} {[%emt 00:14:05]}
Bb4 {[%clk 01:17:11]} {[%emt 00:00:56]} 6. Qb3 {[%clk 01:10:11]} {[%emt
00:01:08]} Bxc3+ {[%clk 01:13:05]} {[%emt 00:04:37]} 7. bxc3 {[%clk 01:09:09]}
{[%emt 00:01:30]} O-O {[%clk 01:12:09]} {[%emt 00:01:26]} 8. Bg2 {[%clk
01:06:00]} {[%emt 00:03:39]} Re8 {[%clk 01:12:06]} {[%emt 00:00:34]} 9. Qc2
{[%clk 00:49:56]} {[%emt 00:16:34]} d5 {[%clk 01:08:16]} {[%emt 00:04:20]} 10.
e3 {[%clk 00:45:32]} {[%emt 00:04:54]} Nbd7 {[%clk 01:01:32]} {[%emt 00:07:12]}
11. Ne2 {[%clk 00:43:21]} {[%emt 00:02:43]} Nb6 {[%clk 01:01:28]} {[%emt
00:00:33]} 12. cxd5 {[%clk 00:40:38]} {[%emt 00:03:14]} cxd5 {[%clk 01:01:37]}
{[%emt 00:00:20]} 13. Nf4 {[%clk 00:39:58]} {[%emt 00:01:10]} h6 {[%clk
00:56:01]} {[%emt 00:06:06]} 14. Bxf6 {[%clk 00:40:10]} {[%emt 00:00:18]} Qxf6
{[%clk 00:56:25]} {[%emt 00:00:06]} 15. c4 {[%clk 00:36:58]} {[%emt 00:03:43]}
dxc4 {[%clk 00:49:45]} {[%emt 00:07:10]} 16. Bxe4 {[%clk 00:28:40]} {[%emt
00:08:48]} Qe7 {[%clk 00:47:00]} {[%emt 00:03:14]} 17. Bh7+ {[%clk 00:24:03]}
{[%emt 00:05:07]} Kh8 {[%clk 00:47:25]} {[%emt 00:00:05]} 18. Bf5 {[%clk
00:23:56]} {[%emt 00:00:38]} Qb4+ {[%clk 00:45:41]} {[%emt 00:02:14]} 19. Kf1
{[%clk 00:24:10]} {[%emt 00:00:16]} Bxf5 {[%clk 00:36:39]} {[%emt 00:09:31]}
20. Qxf5 {[%clk 00:24:38]} {[%emt 00:00:03]} Kg8 {[%clk 00:36:59]} {[%emt
00:00:09]} 21. Kg2 {[%clk 00:23:05]} {[%emt 00:02:03]} Rac8 {[%clk 00:34:15]}
{[%emt 00:03:15]} 22. Rac1 {[%clk 00:21:27]} {[%emt 00:02:08]} c3 {[%clk
00:28:15]} {[%emt 00:06:30]} 23. Rc2 {[%clk 00:18:56]} {[%emt 00:03:01]} Rc4
{[%clk 00:19:02]} {[%emt 00:09:43]} 24. d5 {[%clk 00:18:26]} {[%emt 00:01:00]}
Qd6 {[%clk 00:18:15]} {[%emt 00:01:16]} 25. Rd1 {[%clk 00:14:21]} {[%emt
00:04:37]} Na4 {[%clk 00:17:07]} {[%emt 00:01:36]} 26. Ne2 {[%clk 00:12:01]}
{[%emt 00:02:50]} b5 {[%clk 00:13:58]} {[%emt 00:03:40]} 27. Rd4 {[%clk
00:11:18]} {[%emt 00:01:12]} Re5 {[%clk 00:13:40]} {[%emt 00:00:49]} 28. Qf3
{[%clk 00:09:39]} {[%emt 00:02:08]} Rxd4 {[%clk 00:09:35]} {[%emt 00:04:35]}
29. exd4 {[%clk 00:10:01]} {[%emt 00:00:08]} Rxd5 {[%clk 00:09:58]} {[%emt
00:00:07]} 30. Nxc3 {[%clk 00:10:16]} {[%emt 00:00:16]} Nxc3 {[%clk 00:09:59]}
{[%emt 00:00:29]} 31. Rxc3 {[%clk 00:10:34]} {[%emt 00:00:12]} g6 {[%clk
00:09:17]} {[%emt 00:01:12]} 32. Qe4 {[%clk 00:06:41]} {[%emt 00:04:22]} Kg7
{[%clk 00:08:44]} {[%emt 00:01:03]} 33. Rd3 {[%clk 00:06:14]} {[%emt 00:00:57]}
b4 {[%clk 00:08:03]} {[%emt 00:01:11]} 34. Kf3 {[%clk 00:03:46]} {[%emt
00:02:59]} a5 {[%clk 00:08:14]} {[%emt 00:00:20]} 35. h4 {[%clk 00:03:13]}
{[%emt 00:01:02]} Qd7 {[%clk 00:08:10]} {[%emt 00:00:33]} 36. Kg2 {[%clk
00:03:24]} {[%emt 00:00:20]} h5 {[%clk 00:06:50]} {[%emt 00:01:50]} 37. Qe2
{[%clk 00:02:37]} {[%emt 00:01:16]} Qf5 {[%clk 00:06:07]} {[%emt 00:01:13]} 38.
Qf3 {[%clk 00:02:35]} {[%emt 00:00:32]} Qxf3+ {[%clk 00:04:46]} {[%emt
00:01:52]} 39. Kxf3 {[%clk 00:02:58]} {[%emt 00:00:06]} Kf6 {[%clk 00:05:11]}
{[%emt 00:00:06]} 40. Ke4 {[%clk 00:02:33]} {[%emt 00:00:55]} Ke6 {[%clk
00:05:24]} {[%emt 00:00:17]} 41. Re3 {[%clk 00:01:19]} {[%emt 00:01:43]} Rb5
{[%clk 00:12:56]} {[%emt 00:22:58]} 42. Kd3+ {[%clk 00:28:34]} {[%emt
00:03:15]} Kd6 {[%clk 00:13:11]} {[%emt 00:00:15]} 43. Kc4 {[%clk 00:27:46]}
{[%emt 00:01:20]} Rb7 {[%clk 00:13:18]} {[%emt 00:00:22]} 44. Re2 {[%clk
00:26:45]} {[%emt 00:01:31]} Kc6 {[%clk 00:12:25]} {[%emt 00:01:22]} 45. Re5
{[%clk 00:26:07]} {[%emt 00:01:08]} a4 {[%clk 00:12:05]} {[%emt 00:00:50]} 46.
Re3 {[%clk 00:25:25]} {[%emt 00:01:12]} Kd6 {[%clk 00:10:56]} {[%emt 00:01:39]}
47. Re2 {[%clk 00:25:38]} {[%emt 00:00:17]} b3 {[%clk 00:11:14]} {[%emt
00:00:12]} 48. axb3 {[%clk 00:25:37]} {[%emt 00:00:31]} Rc7+ {[%clk 00:10:31]}
{[%emt 00:01:13]} 49. Kd3 {[%clk 00:25:20]} {[%emt 00:00:47]} axb3 {[%clk
00:10:52]} {[%emt 00:00:09]} 50. Rb2 {[%clk 00:25:44]} {[%emt 00:00:06]} Rb7
{[%clk 00:11:19]} {[%emt 00:00:04]} 51. Kc4 {[%clk 00:26:10]} {[%emt 00:00:04]}
Rc7+ {[%clk 00:11:42]} {[%emt 00:00:06]} 52. Kd3 {[%clk 00:26:37]} {[%emt
00:00:03]} Rb7 {[%clk 00:12:08]} {[%emt 00:00:05]} 53. Ke4 {[%emt 00:00:04]}
Ke5+ 1/2-1/2

[Event "DEM U18 2025"]
[Site "Willingen GER"]
[Date "2025.06.11"]
[Round "6"]
[White "Neuhoff, Laertes"]
[Black "Fuhrmann, Bahne"]
[Result "1/2-1/2"]
[Termination "normal"]
[Board "8"]
[BlackTitle "FM"]
[WhiteElo "2130"]
[BlackElo "2256"]
[WhiteClock "00:04:22"]
[BlackClock "00:09:53"]
[PlyCount "66"]
[WhiteFideId "16279719"]
[BlackFideId "16244842"]
[EventCountry "GER"]
[EventRounds "9"]
[EventType "swiss"]
[EventDate "2025.06.07"]

1. e4 {[%clk 01:30:56]} {[%emt 00:00:03]} e5 {[%clk 01:30:52]} {[%emt
00:00:09]} 2. Nf3 {[%clk 01:31:22]} {[%emt 00:00:03]} Nc6 {[%clk 01:31:18]}
{[%emt 00:00:05]} 3. Bc4 {[%clk 01:31:47]} {[%emt 00:00:04]} Nf6 {[%clk
01:31:43]} {[%emt 00:00:05]} 4. d3 {[%clk 01:32:13]} {[%emt 00:00:04]} Bc5
{[%clk 01:32:03]} {[%emt 00:00:10]} 5. c3 {[%clk 01:32:39]} {[%emt 00:00:05]}
d6 {[%clk 01:32:22]} {[%emt 00:00:11]} 6. Bb3 {[%clk 01:33:07]} h6 {[%clk
01:29:56]} {[%emt 00:02:56]} 7. Nbd2 {[%clk 01:33:02]} {[%emt 00:00:33]} a5
{[%clk 01:27:56]} {[%emt 00:02:32]} 8. O-O {[%clk 01:33:03]} {[%emt 00:00:30]}
O-O {[%clk 01:24:57]} {[%emt 00:03:28]} 9. h3 {[%clk 01:33:09]} {[%emt
00:00:23]} Be6 {[%clk 01:21:10]} {[%emt 00:04:18]} 10. Re1 {[%clk 01:33:22]}
{[%emt 00:00:17]} Re8 {[%clk 01:16:12]} {[%emt 00:05:29]} 11. Nf1 {[%clk
01:31:01]} {[%emt 00:02:50]} Bxb3 {[%clk 01:13:00]} {[%emt 00:03:42]} 12. Qxb3
{[%clk 01:29:50]} {[%emt 00:01:41]} a4 {[%clk 01:11:48]} {[%emt 00:01:43]} 13.
Qc2 {[%clk 01:29:03]} {[%emt 00:01:16]} d5 {[%clk 01:04:47]} {[%emt 00:07:31]}
14. Ng3 {[%clk 01:28:07]} {[%emt 00:01:27]} Qd7 {[%clk 01:01:38]} {[%emt
00:03:38]} 15. Nf5 {[%clk 01:23:44]} {[%emt 00:04:53]} dxe4 {[%clk 01:00:26]}
{[%emt 00:01:43]} 16. dxe4 {[%clk 01:23:33]} {[%emt 00:00:40]} Qe6 {[%clk
00:58:38]} {[%emt 00:02:19]} 17. Be3 {[%clk 01:03:58]} {[%emt 00:20:05]} Bxe3
{[%clk 00:58:29]} {[%emt 00:00:39]} 18. Nxe3 {[%clk 01:03:48]} {[%emt
00:00:39]} Ne7 {[%clk 00:49:22]} {[%emt 00:09:38]} 19. Nh4 {[%clk 00:57:13]}
{[%emt 00:07:04]} Red8 {[%clk 00:44:11]} {[%emt 00:05:41]} 20. Nhf5 {[%clk
00:55:11]} {[%emt 00:02:32]} Nxf5 {[%clk 00:43:21]} {[%emt 00:01:21]} 21. exf5
{[%clk 00:54:13]} {[%emt 00:01:28]} Qc6 {[%clk 00:41:48]} {[%emt 00:02:02]} 22.
Rad1 {[%clk 00:54:36]} {[%emt 00:00:07]} e4 {[%clk 00:36:41]} {[%emt 00:05:37]}
23. Rxd8+ {[%clk 00:41:00]} {[%emt 00:14:06]} Rxd8 {[%clk 00:37:07]} {[%emt
00:00:04]} 24. Rd1 {[%clk 00:41:07]} {[%emt 00:00:22]} Rxd1+ {[%clk 00:36:44]}
{[%emt 00:00:54]} 25. Qxd1 {[%clk 00:39:59]} {[%emt 00:01:39]} a3 {[%clk
00:36:49]} {[%emt 00:00:25]} 26. Qb3 {[%clk 00:31:06]} {[%emt 00:09:22]} axb2
{[%clk 00:37:11]} {[%emt 00:00:08]} 27. Qxb2 {[%clk 00:31:34]} {[%emt
00:00:01]} Nd5 {[%clk 00:32:22]} {[%emt 00:05:20]} 28. Nxd5 {[%clk 00:15:31]}
{[%emt 00:16:33]} Qxd5 {[%clk 00:32:06]} {[%emt 00:00:46]} 29. Qb4 {[%clk
00:14:42]} {[%emt 00:01:19]} b6 {[%clk 00:20:58]} {[%emt 00:11:39]} 30. Qe7
{[%clk 00:14:13]} {[%emt 00:00:58]} Qc6 {[%clk 00:16:02]} {[%emt 00:05:26]} 31.
Qe5 {[%clk 00:13:00]} {[%emt 00:01:43]} Kh7 {[%clk 00:12:42]} {[%emt 00:03:50]}
32. Kh2 {[%clk 00:11:33]} {[%emt 00:01:56]} Qc4 {[%clk 00:11:09]} {[%emt
00:02:04]} 33. f6 {[%clk 00:04:22]} {[%emt 00:07:42]} gxf6 {[%clk 00:09:53]}
{[%emt 00:01:46]} 1/2-1/2

[Event "DEM U18 2025"]
[Site "Willingen GER"]
[Date "2025.06.11"]
[Round "6"]
[White "Müller, Maximilian"]
[Black "Beyer, Lorenz"]
[Result "0-1"]
[Termination "normal"]
[Board "9"]
[WhiteElo "2018"]
[BlackElo "2226"]
[WhiteClock "00:24:40"]
[BlackClock "00:20:49"]
[PlyCount "108"]
[WhiteFideId "16243552"]
[BlackFideId "16245393"]
[EventCountry "GER"]
[EventRounds "9"]
[EventType "swiss"]
[EventDate "2025.06.07"]

1. e4 {[%clk 01:30:57]} {[%emt 00:00:02]} e6 {[%clk 01:30:56]} {[%emt
00:00:04]} 2. d4 {[%clk 01:31:22]} {[%emt 00:00:05]} d5 {[%clk 01:31:23]}
{[%emt 00:00:03]} 3. Nc3 {[%clk 01:31:49]} {[%emt 00:00:04]} dxe4 {[%clk
01:31:19]} {[%emt 00:00:34]} 4. Nxe4 {[%clk 01:32:06]} {[%emt 00:00:13]} Nd7
{[%clk 01:31:43]} {[%emt 00:00:06]} 5. Nf3 {[%clk 01:31:47]} {[%emt 00:00:48]}
Ngf6 {[%clk 01:31:35]} {[%emt 00:00:39]} 6. Nxf6+ {[%clk 01:29:47]} {[%emt
00:02:30]} Nxf6 {[%clk 01:32:02]} {[%emt 00:00:02]} 7. Bd3 {[%clk 01:27:39]}
{[%emt 00:02:38]} c5 {[%clk 01:29:36]} {[%emt 00:02:56]} 8. O-O {[%clk
01:28:02]} {[%emt 00:00:08]} Be7 {[%clk 01:26:06]} {[%emt 00:03:59]} 9. c3
{[%clk 01:21:10]} {[%emt 00:07:22]} O-O {[%clk 01:25:46]} {[%emt 00:00:50]} 10.
Qc2 {[%clk 01:19:29]} {[%emt 00:02:11]} h6 {[%clk 01:21:32]} {[%emt 00:04:44]}
11. dxc5 {[%clk 01:09:11]} {[%emt 00:10:48]} Bxc5 {[%clk 01:19:38]} {[%emt
00:02:24]} 12. b4 {[%clk 01:09:35]} {[%emt 00:00:06]} Bd6 {[%clk 01:19:03]}
{[%emt 00:01:05]} 13. a3 {[%clk 01:10:00]} {[%emt 00:00:06]} a5 {[%clk
01:19:03]} {[%emt 00:00:30]} 14. Bb2 {[%clk 01:10:04]} {[%emt 00:00:27]} Qc7
{[%clk 01:18:51]} {[%emt 00:00:41]} 15. h3 {[%clk 01:07:55]} {[%emt 00:02:39]}
Bd7 {[%clk 01:13:30]} {[%emt 00:05:50]} 16. Rac1 {[%clk 01:02:48]} {[%emt
00:05:37]} Bf4 {[%clk 01:07:49]} {[%emt 00:06:11]} 17. Rcd1 {[%clk 01:03:10]}
{[%emt 00:00:09]} Rfd8 {[%clk 00:57:06]} {[%emt 00:11:13]} 18. Qe2 {[%clk
01:00:33]} {[%emt 00:03:07]} Ba4 {[%clk 00:54:08]} {[%emt 00:03:28]} 19. Ra1
{[%clk 00:48:57]} {[%emt 00:12:05]} e5 {[%clk 00:49:02]} {[%emt 00:05:36]} 20.
Rfe1 {[%clk 00:32:56]} {[%emt 00:16:32]} Bc6 {[%clk 00:34:18]} {[%emt
00:15:13]} 21. c4 {[%clk 00:21:26]} {[%emt 00:12:00]} Rxd3 {[%clk 00:27:38]}
{[%emt 00:07:10]} 22. Qxd3 {[%clk 00:21:46]} {[%emt 00:00:10]} e4 {[%clk
00:27:53]} {[%emt 00:00:15]} 23. Qb3 {[%clk 00:22:11]} {[%emt 00:00:05]} a4
{[%clk 00:27:09]} {[%emt 00:01:15]} 24. Qc2 {[%clk 00:21:55]} {[%emt 00:00:45]}
exf3 {[%clk 00:27:22]} {[%emt 00:00:17]} 25. Bxf6 {[%clk 00:21:57]} {[%emt
00:00:28]} fxg2 {[%clk 00:27:24]} {[%emt 00:00:28]} 26. Re4 {[%clk 00:19:54]}
{[%emt 00:02:33]} Bxe4 {[%clk 00:26:52]} {[%emt 00:01:02]} 27. Qxe4 {[%clk
00:20:16]} {[%emt 00:00:08]} gxf6 {[%clk 00:27:18]} {[%emt 00:00:04]} 28. Rd1
{[%clk 00:20:36]} {[%emt 00:00:10]} Kh8 {[%clk 00:25:44]} {[%emt 00:02:05]} 29.
Qf5 {[%clk 00:20:49]} {[%emt 00:00:16]} Bh2+ {[%clk 00:24:28]} {[%emt
00:01:45]} 30. Kxg2 {[%clk 00:21:13]} {[%emt 00:00:06]} Rg8+ {[%clk 00:24:55]}
{[%emt 00:00:03]} 31. Kf3 {[%clk 00:21:38]} {[%emt 00:00:06]} Qc6+ {[%clk
00:24:41]} {[%emt 00:00:43]} 32. Rd5 {[%clk 00:21:54]} {[%emt 00:00:15]} Be5
{[%clk 00:24:50]} {[%emt 00:00:21]} 33. Qh5 {[%clk 00:22:16]} {[%emt 00:00:07]}
Rg6 {[%clk 00:25:08]} {[%emt 00:00:13]} 34. Qh4 {[%clk 00:22:34]} {[%emt
00:00:12]} Kg7 {[%clk 00:25:23]} {[%emt 00:00:16]} 35. Ke2 {[%clk 00:21:51]}
{[%emt 00:01:13]} Qe6 {[%clk 00:25:36]} {[%emt 00:00:16]} 36. Qe4 {[%clk
00:21:49]} {[%emt 00:00:32]} Qxh3 {[%clk 00:25:46]} {[%emt 00:00:20]} 37. Rd3
{[%clk 00:22:12]} {[%emt 00:00:06]} Qh5+ {[%clk 00:25:48]} {[%emt 00:00:29]}
38. Qf3 {[%clk 00:22:37]} {[%emt 00:00:06]} Qh4 {[%clk 00:25:49]} {[%emt
00:00:28]} 39. c5 {[%clk 00:23:00]} {[%emt 00:00:07]} Qc4 {[%clk 00:26:04]}
{[%emt 00:00:16]} 40. Qxb7 {[%clk 00:23:22]} {[%emt 00:00:08]} Rg4 {[%clk
00:25:45]} {[%emt 00:00:48]} 41. Qf3 {[%clk 00:23:32]} {[%emt 00:00:20]} Rg1
{[%clk 00:24:15]} {[%emt 00:02:00]} 42. Qe3 {[%clk 00:23:34]} {[%emt 00:00:28]}
Bf4 {[%clk 00:23:35]} {[%emt 00:01:10]} 43. Qd4 {[%clk 00:23:59]} {[%emt
00:00:05]} Qc2+ {[%clk 00:23:11]} {[%emt 00:00:54]} 44. Kf3 {[%clk 00:24:24]}
{[%emt 00:00:05]} Be5 {[%clk 00:23:15]} {[%emt 00:00:26]} 45. Qe4 {[%clk
00:24:42]} {[%emt 00:00:13]} h5 {[%clk 00:21:49]} {[%emt 00:01:55]} 46. Rd8
{[%clk 00:23:12]} {[%emt 00:02:00]} Qc1 {[%clk 00:21:19]} {[%emt 00:01:00]} 47.
c6 {[%clk 00:22:37]} {[%emt 00:01:05]} Qxa3+ {[%clk 00:21:12]} {[%emt
00:00:38]} 48. Rd3 {[%clk 00:22:56]} {[%emt 00:00:10]} Qc1 {[%clk 00:21:36]}
{[%emt 00:00:05]} 49. b5 {[%clk 00:23:17]} {[%emt 00:00:10]} Rg4 {[%clk
00:21:03]} {[%emt 00:01:03]} 50. Qd5 {[%clk 00:23:34]} {[%emt 00:00:13]} Rc4
{[%clk 00:19:18]} {[%emt 00:02:15]} 51. Ke2 {[%clk 00:23:36]} {[%emt 00:00:28]}
Rc2+ {[%clk 00:19:31]} {[%emt 00:00:17]} 52. Kf3 {[%clk 00:23:52]} {[%emt
00:00:14]} Qf4+ {[%clk 00:19:59]} {[%emt 00:00:02]} 53. Kg2 {[%clk 00:24:16]}
{[%emt 00:00:06]} Rxf2+ {[%clk 00:20:22]} {[%emt 00:00:07]} 54. Kg1 {[%clk
00:24:40]} {[%emt 00:00:05]} Qh2# {[%clk 00:20:49]} {[%emt 00:00:04]} 0-1